000
00434nam a22001457a 4500
020
_a
978-81-317-7378-9
082
_a
540
100
_a
Ekambaram, S.
245
_a
General Chemistry
250
_a
1st
260
_a
Chennai
_b
Pearson
_c
2013
300
_a
xiii, 638
942
_c
BK
999
_c
30408
_d
30408